[Event "tm FRA 1st"]
[Site "France"]
[Date "1999.??.??"]
[Round "3"]
[White "Borgo, Giulio"]
[Black "Kovarcik, Guillaume"]
[Result "1-0"]
[WhiteElo "2448"]
[BlackElo "2165"]
[Annotator "Monaco-Orange"]
[PlyCount "91"]
[EventDate "1999.??.??"]

1. e4 d5 2. exd5 Qxd5 3. Nc3 Qa5 4. d4 c6 5. Nf3 Nf6 6. Bc4 Bf5 7. Bd2 e6 8.
Qe2 Bb4 9. O-O-O Nbd7 10. Nh4 Bg4 11. f3 Bxc3 12. fxg4 Bxd2+ 13. Rxd2 O-O-O 14.
h3 Ne8 15. Nf3 Nd6 16. Bb3 Nf6 17. Ne5 Rhe8 18. Rf1 Nfe4 19. Rd3 f6 20. Nf3 Ng3
21. Qe1 Qxe1+ 22. Rxe1 Nde4 23. Rde3 f5 24. c3 g6 25. Bc2 Kc7 26. Nd2 e5 27.
gxf5 gxf5 28. Nxe4 Nxe4 29. dxe5 Rxe5 30. g4 Red5 31. Rf3 Ng5 32. Rxf5 Nxh3 33.
Rxd5 Rxd5 34. Re7+ Kb6 35. Rxh7 Nf2 36. Bf5 Rd1+ 37. Kc2 Rg1 38. Bc8 a5 39.
Rxb7+ Kc5 40. Kb3 Nd3 41. Bf5 Ne5 42. Ka4 Ra1 43. a3 Nc4 44. Be6 Nd6 45. Rd7
Nb5 46. Kxa5 1-0

[Event "tm FRA 1st"]
[Site "France"]
[Date "1999.??.??"]
[Round "3"]
[White "Guadalpi, Celine"]
[Black "Lanzani, Mario"]
[Result "0-1"]
[WhiteElo "1980"]
[BlackElo "2395"]
[Annotator "Orange-Monaco"]
[PlyCount "60"]
[EventDate "1999.??.??"]

1. e4 c5 2. c3 g6 3. d4 cxd4 4. cxd4 d5 5. exd5 Nf6 6. Nc3 Nxd5 7. Nf3 Bg7 8.
h3 O-O 9. Be2 Nc6 10. O-O Be6 11. Qa4 Nb6 12. Qa3 Nc4 13. Qa4 Nb6 14. Qa3 a5
15. Be3 Nb4 16. Rac1 Nc4 17. Bxc4 Bxc4 18. Rfd1 Nd3 19. Rc2 b5 20. Nxb5 Bxb5
21. Rxd3 Bxd3 22. Qxd3 Qd5 23. a3 Rfc8 24. b4 e5 25. Rxc8+ Rxc8 26. Qd2 e4 27.
Ne5 Bxe5 28. dxe5 Qxd2 29. Bxd2 Rc2 30. Be3 a4 0-1

[Event "tm FRA 1st"]
[Site "France"]
[Date "1999.??.??"]
[Round "3"]
[White "Lebel, Julia"]
[Black "Michaud, Jean-Noel"]
[Result "1-0"]
[WhiteElo "2073"]
[BlackElo "2010"]
[Annotator "Monaco-Orange"]
[PlyCount "65"]
[EventDate "1999.??.??"]

1. d4 d5 2. e3 Nf6 3. Bd3 e6 4. Nd2 Nbd7 5. f4 b6 6. c3 Bb7 7. Qf3 Bd6 8. Nh3
c5 9. O-O Qc7 10. a4 a6 11. Kh1 h6 12. Nf2 O-O-O 13. Ng4 Nxg4 14. Qxg4 g6 15.
Qe2 c4 16. Bc2 f5 17. Nf3 Rdg8 18. b3 b5 19. axb5 axb5 20. bxc4 bxc4 21. Ba3
Bxa3 22. Rxa3 Qd6 23. Rfa1 Kc7 24. Ba4 Ra8 25. Qb2 Nb6 26. Ne5 Nxa4 27. Rxa4
Rxa4 28. Rxa4 Rg8 29. Qb5 Rg7 30. Rb4 Qa6 31. Qc5+ Bc6 32. h3 g5 33. Qf8 1-0

[Event "tm FRA 1st"]
[Site "France"]
[Date "1999.??.??"]
[Round "3"]
[White "Verdier, Patrice"]
[Black "Hamdouchi, Hichem"]
[Result "1-0"]
[WhiteElo "2276"]
[BlackElo "2564"]
[Annotator "Avignon-Montpellier"]
[PlyCount "67"]
[EventDate "1999.??.??"]

1. d4 Nf6 2. c4 c5 3. d5 b5 4. cxb5 a6 5. bxa6 g6 6. Nc3 Bxa6 7. f4 Bg7 8. Nf3
O-O 9. e4 Bxf1 10. Rxf1 d6 11. e5 dxe5 12. fxe5 Ng4 13. Qe2 Nd7 14. Bf4 Qb8 15.
O-O-O Ngxe5 16. Kb1 Qd6 17. Rfe1 f6 18. Nxe5 fxe5 19. Ne4 Qb6 20. Bc1 Qa5 21.
a3 Rfb8 22. d6 Qxa3 23. Qc4+ Kh8 24. dxe7 Nb6 25. bxa3 Nxc4+ 26. Ka2 h6 27. Nd6
Nxd6 28. Rxd6 Re8 29. Rd7 Kh7 30. Bb2 Bf6 31. Bxe5 Rxe7 32. Red1 Rd8 33. Rxd8
Rxe5 34. R1d7+ 1-0

[Event "tm FRA 1st"]
[Site "France"]
[Date "1999.??.??"]
[Round "3"]
[White "Touzane, Olivier"]
[Black "Weill, Roland"]
[Result "1-0"]
[WhiteElo "2378"]
[BlackElo "2217"]
[Annotator "Montpellier-Avignon"]
[PlyCount "79"]
[EventDate "1999.??.??"]

1. d4 d6 2. e4 g6 3. Nc3 Bg7 4. Be3 a6 5. h3 b5 6. a3 Bb7 7. Nf3 Nf6 8. Bd3
Nbd7 9. Qd2 e5 10. Bh6 O-O 11. h4 exd4 12. Nxd4 c5 13. Nf3 c4 14. Bxg7 Kxg7 15.
Be2 Nc5 16. Ng5 Qe7 17. f3 h6 18. Nh3 d5 19. exd5 Nxd5 20. Nxd5 Bxd5 21. O-O-O
Rad8 22. Qc3+ Qf6 23. Qxf6+ Kxf6 24. Rd4 Ne6 25. Rd2 Bc6 26. Rhd1 Ke7 27. Nf2
Rxd2 28. Rxd2 h5 29. c3 Rd8 30. Bd1 Rxd2 31. Kxd2 Kd6 32. Ke3 f5 33. Bc2 Ke5
34. Nh3 Bd7 35. f4+ Kd6 36. b4 cxb3 37. Bxb3 Kc5 38. Nf2 Nc7 39. Nd3+ Kd6 40.
Ne5 1-0

[Event "tm FRA 1st"]
[Site "France"]
[Date "1999.??.??"]
[Round "3"]
[White "Gachon, Lionel"]
[Black "Prie, Eric"]
[Result "0-1"]
[WhiteElo "2285"]
[BlackElo "2467"]
[Annotator "Avignon-Montpellier"]
[PlyCount "74"]
[EventDate "1999.??.??"]

1. e4 c5 2. Nf3 g6 3. d4 cxd4 4. Nxd4 Nc6 5. c4 Nf6 6. Nc3 d6 7. Be2 Nxd4 8.
Qxd4 Bg7 9. Bg5 O-O 10. Qe3 Be6 11. O-O Qb6 12. Qxb6 axb6 13. Rac1 Rfc8 14. b3
Kf8 15. Be3 Nd7 16. Na4 Rc6 17. f4 Nc5 18. Nxc5 bxc5 19. a4 Bd7 20. Rcd1 Rb6
21. Rd3 Bc6 22. Bf3 f5 23. e5 Be4 24. Bxe4 fxe4 25. Rc3 Kg8 26. Bf2 dxe5 27.
Bxc5 Rc6 28. Bxe7 exf4 29. Rcc1 h6 30. Rfe1 Re6 31. Bc5 Rc8 32. Ba3 Rd8 33.
Rcd1 Rxd1 34. Rxd1 e3 35. Rd6 Re8 36. Rd7 e2 37. Bb4 Bf8 0-1

[Event "tm FRA 1st"]
[Site "France"]
[Date "1999.??.??"]
[Round "3"]
[White "Fressinet, Laurent"]
[Black "Jean, Olivier"]
[Result "1-0"]
[WhiteElo "2424"]
[BlackElo "2263"]
[Annotator "Montpellier-Avignon"]
[PlyCount "133"]
[EventDate "1999.??.??"]

1. e4 c5 2. Nf3 e6 3. d4 cxd4 4. Nxd4 Nc6 5. Nc3 Qc7 6. Be3 a6 7. Bd3 b5 8. f4
Bb7 9. Nb3 d6 10. O-O Nf6 11. Qf3 g6 12. Rad1 b4 13. Na4 Bg7 14. Nb6 Rb8 15.
Nc4 O-O 16. Bb6 Qe7 17. Qe2 Rfe8 18. e5 dxe5 19. Bc5 Nd4 20. Qxe5 Nd7 21. Qxg7+
Kxg7 22. Bxe7 Nxb3 23. Bd6 Nbc5 24. Bxb8 Rxb8 25. Be2 Nf6 26. Bf3 Bd5 27. Bxd5
Nxd5 28. Rd4 Nd7 29. Rf3 Rc8 30. a3 Nb8 31. axb4 Nc6 32. Rd2 Ncxb4 33. Na3 Rc5
34. g3 h6 35. Kf2 g5 36. c3 Nc6 37. Ke2 gxf4 38. gxf4 Nce7 39. Nc2 Nf5 40. Kf1
Kf6 41. Nd4 Rc8 42. Kf2 Nd6 43. Re2 a5 44. Ke1 a4 45. Kd2 Nb6 46. Rh3 Rh8 47.
Rh4 h5 48. Kc1 Nd5 49. Rg2 Ra8 50. Rxh5 Nxf4 51. Rh6+ Ke5 52. Nc6+ Ke4 53. Rd2
Nf5 54. Rh7 Rg8 55. Kb1 a3 56. bxa3 Nd5 57. Rxf7 Nxc3+ 58. Kb2 Nd5 59. a4 Rc8
60. Na7 Rb8+ 61. Kc1 Rb4 62. a5 Nfe3 63. Rh7 Ra4 64. Rh4+ Nf4 65. Nb5 Ned5 66.
Rxd5 Rc4+ 67. Nc3+ 1-0

[Event "tm FRA 1st"]
[Site "France"]
[Date "1999.??.??"]
[Round "3"]
[White "Salus, Stephane"]
[Black "Sarthou, Gaetan"]
[Result "1-0"]
[WhiteElo "2237"]
[BlackElo "2326"]
[Annotator "Avignon-Montpellier"]
[PlyCount "122"]
[EventDate "1999.??.??"]

1. d4 Nf6 2. c4 g6 3. Nc3 d5 4. Nf3 Bg7 5. Bg5 Ne4 6. cxd5 Nxg5 7. Nxg5 e6 8.
Nf3 exd5 9. b4 Qd6 10. a3 a5 11. b5 c5 12. bxc6 bxc6 13. e3 O-O 14. Be2 Ba6 15.
O-O c5 16. Bxa6 Nxa6 17. Rb1 Rab8 18. Qa4 cxd4 19. exd4 Nc7 20. Qxa5 Ra8 21.
Qb4 Qc6 22. Rfc1 Bh6 23. Nxd5 Qxc1+ 24. Rxc1 Nxd5 25. Qb3 Bxc1 26. Qxd5 Bxa3
27. g3 Rad8 28. Qc4 Bd6 29. h4 h5 30. Kg2 Kg7 31. Ng5 Be7 32. Ne4 f5 33. Ng5
Bxg5 34. hxg5 Rf7 35. Qe6 Rdd7 36. Qe5+ Kh7 37. Kf3 Rfe7 38. Qf6 Rf7 39. Qb6
Rfe7 40. Qf6 Rf7 41. Qe6 Rde7 42. Qc4 Rf8 43. Qc5 Rfe8 44. d5 Rd7 45. Qc6 Red8
46. Qf6 Rd6 47. Qf7+ Kh8 48. Kf4 R8d7 49. Qf8+ Kh7 50. Ke5 Rxd5+ 51. Ke6 Rd8
52. Qh6+ Kg8 53. Qxg6+ Kh8 54. Qxh5+ Kg7 55. Qf7+ Kh8 56. Qe7 Rd2 57. Qf6+ Kg8
58. Qf7+ Kh8 59. f4 R8d5 60. Qc7 R5d3 61. Kxf5 Rd7 1-0

[Event "tm FRA 1st"]
[Site "France"]
[Date "1999.??.??"]
[Round "3"]
[White "Bissieres, Mathieu"]
[Black "Laclau, Daniel"]
[Result "0-1"]
[WhiteElo "2230"]
[BlackElo "2292"]
[Annotator "Avignon-Montpellier"]
[PlyCount "74"]
[EventDate "1999.??.??"]

1. e4 c5 2. Nc3 Nc6 3. g3 g6 4. Bg2 Bg7 5. d3 Rb8 6. f4 b5 7. Nf3 b4 8. Nd5 e6
9. Ne3 d6 10. O-O Nge7 11. f5 exf5 12. exf5 Nd4 13. Nxd4 Bxd4 14. fxg6 hxg6 15.
Kh1 Be6 16. Qf3 Qd7 17. a3 O-O 18. axb4 cxb4 19. Qe4 Bg7 20. Qh4 Rfc8 21. Rf4
d5 22. d4 Nf5 23. Nxf5 Bxf5 24. g4 Bxc2 25. Bd2 Be4 26. Raf1 Bxg2+ 27. Kxg2 Rc2
28. Qf2 Bh6 29. g5 Rxd2 30. Qxd2 Bxg5 31. h4 Bxf4 32. Qxf4 Re8 33. Kg3 Qe6 34.
h5 Qe3+ 35. Qxe3 Rxe3+ 36. Kf4 Re4+ 37. Kg5 gxh5 0-1

[Event "tm FRA 1st"]
[Site "France"]
[Date "1999.??.??"]
[Round "3"]
[White "Flear, Christine"]
[Black "Piquemal, Christiane"]
[Result "1-0"]
[WhiteElo "2210"]
[BlackElo "2050"]
[Annotator "Montpellier-Avignon"]
[PlyCount "147"]
[EventDate "1999.??.??"]

1. d4 Nf6 2. Nf3 g6 3. g3 Bg7 4. Bg2 d5 5. O-O O-O 6. c4 c6 7. cxd5 cxd5 8. Nc3
Nc6 9. Bf4 Nh5 10. Be3 e6 11. Qd2 Re8 12. Rfd1 Bd7 13. Bh6 Ne7 14. Bxg7 Kxg7
15. Ne5 Nf6 16. g4 h5 17. g5 Ng4 18. Nxd7 Qxd7 19. h3 Qd6 20. hxg4 hxg4 21. Qe3
a6 22. Qg3 Qxg3 23. fxg3 Nf5 24. Kf2 Rh8 25. e3 Rh5 26. Ne2 Rxg5 27. Nf4 Ne7
28. Rac1 Nc6 29. a3 Rh8 30. Rh1 Rd8 31. Rc5 Rf5 32. Ke2 Rd7 33. b4 g5 34. Nd3
Rf6 35. a4 Rd8 36. b5 axb5 37. Rxb5 Ra8 38. Nc5 Na5 39. Nd7 Rh6 40. Rxh6 Kxh6
41. Ne5 Kg7 42. Rc5 Nc6 43. Nxc6 bxc6 44. a5 Kf8 45. Kd2 Ke7 46. Bf1 Kd6 47. a6
Rb8 48. Rc2 Kc7 49. Be2 f5 50. Ra2 Kb6 51. Ra1 Ka7 52. Kc3 Rh8 53. Rb1 Rh3 54.
Rb7+ Ka8 55. Rg7 Rxg3 56. Kd2 Rg1 57. Rxg5 Ra1 58. Rg6 Ka7 59. Rxe6 g3 60. Re7+
Ka8 61. Rg7 Ra2+ 62. Ke1 Ra1+ 63. Bd1 Rxa6 64. Rxg3 Ra3 65. Kf2 Rc3 66. Rf3 Kb7
67. Rxf5 Kc7 68. Bf3 Kd6 69. Re5 Ra3 70. Kg3 Ra8 71. Kf4 Rf8+ 72. Rf5 Re8 73.
Rf6+ Kc7 74. e4 1-0

[Event "tm FRA 1st"]
[Site "France"]
[Date "1999.??.??"]
[Round "4"]
[White "Chabanon, Jean-Luc"]
[Black "Ikonnikov, Vyacheslav"]
[Result "1-0"]
[WhiteElo "2468"]
[BlackElo "2561"]
[Annotator "Cannes-Auxerre"]
[PlyCount "83"]
[EventDate "1999.??.??"]

1. d4 Nf6 2. c4 e6 3. Nc3 Bb4 4. Qc2 Nc6 5. Nf3 d6 6. Bg5 h6 7. Bd2 O-O 8.
O-O-O Qe7 9. e4 e5 10. dxe5 Bxc3 11. Bxc3 dxe5 12. h3 b6 13. Bd3 Bb7 14. Nh4
Nb4 15. Bxb4 Qxb4 16. Nf5 Rfd8 17. f3 Nd7 18. a3 Qf8 19. Qc3 g6 20. Ne3 h5 21.
Bc2 Qh6 22. Kb1 c6 23. g4 h4 24. c5 Nxc5 25. Nc4 Qg5 26. Nxe5 Rxd1+ 27. Rxd1
Rd8 28. Rxd8+ Qxd8 29. g5 Qxg5 30. Ng4 Qd8 31. f4 Bc8 32. f5 gxf5 33. exf5 Qd6
34. Qe1 Qd8 35. b4 Nd7 36. Qc3 c5 37. f6 cxb4 38. Qd3 Kf8 39. Qd6+ Ke8 40. Ba4
b5 41. Bxb5 bxa3 42. Ka1 1-0

[Event "tm FRA 1st"]
[Site "France"]
[Date "1999.??.??"]
[Round "4"]
[White "Vaisser, Anatoly"]
[Black "Anic, Darko"]
[Result "1/2-1/2"]
[WhiteElo "2559"]
[BlackElo "2464"]
[Annotator "Auxerre-Cannes"]
[PlyCount "99"]
[EventDate "1999.??.??"]

1. d4 Nf6 2. c4 e6 3. Nc3 d5 4. cxd5 exd5 5. Bg5 c6 6. e3 Bf5 7. Qf3 Bg6 8.
Bxf6 gxf6 9. Qd1 Qb6 10. Qd2 Nd7 11. h4 h5 12. Nge2 Bd6 13. Nf4 Bxf4 14. exf4
Nf8 15. O-O-O Ne6 16. Bd3 Bxd3 17. Qxd3 Kf8 18. f5 Ng7 19. Ne2 Qa5 20. Kb1 Re8
21. Ng3 Re7 22. Qf3 Ke8 23. Rd3 Kd8 24. Re3 Qb4 25. Qf4 Kd7 26. Rb3 Re1+ 27.
Rxe1 Qxe1+ 28. Kc2 Kc8 29. Re3 Qb4 30. a3 Qc4+ 31. Kb1 Kd7 32. Rc3 Qa4 33. Ka2
Qb5 34. Rb3 Qc4 35. Nf1 b6 36. Ne3 Qe2 37. Rc3 Rc8 38. Rc2 Qd3 39. Rc3 Qe4 40.
Qh6 Ne8 41. Qxh5 Nd6 42. Qg4 Qxg4 43. Nxg4 Nxf5 44. h5 Nxd4 45. Nxf6+ Ke6 46.
Ng4 Nf5 47. h6 c5 48. h7 Rh8 49. Rh3 f6 50. Rh5 1/2-1/2

[Event "tm FRA 1st"]
[Site "France"]
[Date "1999.??.??"]
[Round "4"]
[White "Rainfray, Arnaud"]
[Black "Cramling, Pia"]
[Result "0-1"]
[WhiteElo "2322"]
[BlackElo "2515"]
[Annotator "Cannes-Auxerre"]
[PlyCount "118"]
[EventDate "1999.??.??"]

1. e4 c5 2. Nf3 e6 3. c3 Nf6 4. e5 Nd5 5. d4 cxd4 6. cxd4 d6 7. a3 Nc6 8. Bd3
g6 9. O-O Bg7 10. Qe2 O-O 11. b4 dxe5 12. dxe5 b6 13. Bd2 Bb7 14. Nc3 Nxc3 15.
Bxc3 Ne7 16. Rad1 Bxf3 17. Qxf3 Qc7 18. Bb5 Nd5 19. Ba1 Bxe5 20. Bxe5 Qxe5 21.
Bc6 Rad8 22. Rfe1 Qg5 23. Bxd5 Rxd5 24. Rxd5 exd5 25. h4 Qd8 26. Rd1 Re8 27. g3
d4 28. Qd3 Qd5 29. Qa6 Qf3 30. Qf1 Rd8 31. Rd3 Qe4 32. Qd1 h5 33. Qd2 Kg7 34.
Qd1 Rd5 35. Qd2 a6 36. Kh2 Rd6 37. Kg1 Qe5 38. Kg2 Qd5+ 39. Kg1 Qc4 40. Kg2
Qc6+ 41. Kg1 Qe4 42. Kh2 b5 43. Kg1 Kh7 44. Kh2 Rd7 45. Kg1 Qe5 46. Kh2 f6 47.
Qd1 Kg7 48. Kg1 Qd5 49. Qd2 g5 50. Qd1 gxh4 51. gxh4 Kh7 52. Qc2 Qf5 53. Kf1
Qe4 54. f3 Qg6 55. Kf2 Rg7 56. Rd2 f5 57. Ke2 Qg2+ 58. Kd3 Qxf3+ 59. Kxd4 Qf4+
0-1

[Event "tm FRA 1st"]
[Site "France"]
[Date "1999.??.??"]
[Round "4"]
[White "Bellon Lopez, Juan Manuel"]
[Black "Peric, Slavisa"]
[Result "1-0"]
[WhiteElo "2447"]
[BlackElo "2300"]
[Annotator "Auxerre-Cannes"]
[PlyCount "45"]
[EventDate "1999.??.??"]

1. d4 d5 2. Nf3 e6 3. c4 dxc4 4. Nc3 a6 5. a4 c5 6. d5 exd5 7. Qxd5 Be6 8. Qxb7
Nd7 9. Ng5 Ngf6 10. Nxe6 fxe6 11. Bf4 e5 12. Bg5 Rb8 13. Qxa6 Rxb2 14. e4 Rb6
15. Qxc4 Be7 16. Nb5 Rc6 17. a5 Nb8 18. Be2 Ra6 19. O-O Rxa5 20. Rxa5 Qxa5 21.
Bxf6 gxf6 22. Bh5+ Kd7 23. Qd5+ 1-0

[Event "tm FRA 1st"]
[Site "France"]
[Date "1999.??.??"]
[Round "4"]
[White "Sorin, Maxime"]
[Black "Boudre, Jean-Pierre"]
[Result "1/2-1/2"]
[WhiteElo "2208"]
[BlackElo "2389"]
[Annotator "Cannes-Auxerre"]
[PlyCount "134"]
[EventDate "1999.??.??"]

1. e4 e5 2. Nf3 Nc6 3. d4 exd4 4. Nxd4 Nf6 5. Nxc6 bxc6 6. e5 Ne4 7. Bd3 Nc5 8.
O-O d5 9. exd6 Bxd6 10. Re1+ Be6 11. Bf1 O-O 12. Nc3 Qf6 13. Qh5 Bf5 14. Bg5
Qg6 15. Qxg6 Bxg6 16. Rac1 Ne6 17. Be3 Rab8 18. Na4 Rfe8 19. g3 c5 20. c3 h6
21. h4 Be4 22. b3 Bc6 23. Nb2 g5 24. hxg5 hxg5 25. Bg2 Bxg2 26. Kxg2 f5 27. f3
f4 28. Bf2 fxg3 29. Bxg3 Kg7 30. Rcd1 Nf4+ 31. Bxf4 Bxf4 32. Nd3 Bd6 33. Nf2
Rxe1 34. Rxe1 c4 35. b4 a5 36. a3 axb4 37. axb4 Ra8 38. Re4 Ra2 39. Rxc4 Bf4
40. Re4 Rb2 41. Kf1 Rb1+ 42. Re1 Rb3 43. Ne4 Rb2 44. Re2 Rb1+ 45. Re1 Rb2 46.
Rd1 Kg6 47. Rd5 Be3 48. Ke1 Bf4 49. Kd1 Ra2 50. Ke1 Rb2 51. Ra5 Rc2 52. Kd1 Rb2
53. Ra6+ Kg7 54. Nc5 Bd6 55. Ne6+ Kf6 56. Nxc7 Ke5 57. Nb5 Bxb4 58. cxb4 Rxb4
59. Nc3 g4 60. Ra5+ Ke6 61. fxg4 Rxg4 62. Kd2 Rh4 63. Kd3 Rh3+ 64. Kd4 Rh1 65.
Re5+ Kf6 66. Ne4+ Kg6 67. Kd5 Rh5 1/2-1/2

[Event "tm FRA 1st"]
[Site "France"]
[Date "1999.??.??"]
[Round "4"]
[White "Chevrier, Thomas"]
[Black "Levacic, Damir"]
[Result "0-1"]
[WhiteElo "2156"]
[BlackElo "2295"]
[Annotator "Auxerre-Cannes"]
[PlyCount "58"]
[EventDate "1999.??.??"]

1. e4 c5 2. Nf3 d6 3. d4 cxd4 4. Nxd4 Nf6 5. Nc3 Nc6 6. Bg5 e6 7. Qd2 Be7 8.
O-O-O O-O 9. Nb3 Qb6 10. f3 Rd8 11. Be3 Qc7 12. Qf2 d5 13. Be2 dxe4 14. fxe4
Bd7 15. g4 Ne5 16. Bf4 Nexg4 17. Qg3 e5 18. Bd2 Rac8 19. Bd3 Nh5 20. Qf3 Nf4
21. Bxf4 exf4 22. Nd5 Qe5 23. Nxe7+ Qxe7 24. Qxf4 Ne5 25. Rhg1 Bg4 26. Qg3 f5
27. Rd2 f4 28. Qxf4 Rxd3 29. Rxg4 Rxd2 0-1

[Event "tm FRA 1st"]
[Site "France"]
[Date "1999.??.??"]
[Round "4"]
[White "Bramme, Emmanuelle"]
[Black "Nicoara, Malina"]
[Result "0-1"]
[WhiteElo "2049"]
[BlackElo "2245"]
[Annotator "Cannes-Auxerre"]
[PlyCount "52"]
[EventDate "1999.??.??"]

1. d4 Nf6 2. Nf3 d6 3. g3 g6 4. Bg2 Bg7 5. b3 O-O 6. Bb2 c6 7. O-O Qa5 8. c4
Qh5 9. Nbd2 Bg4 10. Re1 Nbd7 11. Nf1 Rfe8 12. Ne3 Bh3 13. Bxh3 Qxh3 14. Ng2 e5
15. d5 e4 16. Nf4 Qh6 17. Nh4 c5 18. Rb1 Ng4 19. Bxg7 Qxg7 20. Nhg2 g5 21. f3
gxf4 22. fxg4 fxg3 23. h3 Qh6 24. h4 Ne5 25. g5 Qh5 26. Qd2 Qg4 0-1

[Event "tm FRA 1st"]
[Site "France"]
[Date "1999.??.??"]
[Round "4"]
[White "Gofshtein, Leonid"]
[Black "Roos, Daniel"]
[Result "1-0"]
[WhiteElo "2517"]
[BlackElo "2425"]
[Annotator "Noyon-Strasbourg"]
[PlyCount "63"]
[EventDate "1999.??.??"]

1. d4 Nf6 2. c4 g6 3. f3 d5 4. cxd5 Nxd5 5. e4 Nb6 6. Nc3 Bg7 7. Be3 O-O 8. Qd2
Nc6 9. O-O-O e5 10. d5 Nd4 11. f4 a5 12. fxe5 Bg4 13. Re1 Bxe5 14. h3 Bd7 15.
Nf3 Nxf3 16. gxf3 Re8 17. Bd3 Rc8 18. Kb1 Na4 19. Nxa4 Bxa4 20. Rc1 b6 21. Ba6
Rb8 22. f4 Bxb2 23. Kxb2 Rxe4 24. Rhe1 b5 25. Bc5 Rxe1 26. Rxe1 Qf6+ 27. Bd4
Qxa6 28. f5 f6 29. fxg6 Qd6 30. gxh7+ Kxh7 31. Re6 Qg3 32. Rxf6 1-0

[Event "tm FRA 1st"]
[Site "France"]
[Date "1999.??.??"]
[Round "4"]
[White "Kallai, Gabor"]
[Black "Bezold, Michael"]
[Result "1/2-1/2"]
[WhiteElo "2525"]
[BlackElo "2503"]
[Annotator "Strasbourg-Noyon"]
[PlyCount "29"]
[EventDate "1999.??.??"]

1. d4 d6 2. Nf3 Bg4 3. e3 Nd7 4. c4 Ngf6 5. Nc3 e5 6. Be2 c6 7. O-O Be7 8. b4
O-O 9. a4 Re8 10. h3 Bh5 11. Ba3 Bf8 12. b5 Qc7 13. Rc1 Rad8 14. Re1 h6 15. Qc2
1/2-1/2

[Event "tm FRA 1st"]
[Site "France"]
[Date "1999.??.??"]
[Round "4"]
[White "Lautier-Skripchenko, Almira"]
[Black "Maier, Christian"]
[Result "1-0"]
[WhiteElo "2414"]
[BlackElo "2353"]
[Annotator "Noyon-Strasbourg"]
[PlyCount "43"]
[EventDate "1999.??.??"]

1. e4 e6 2. d3 d5 3. Nd2 Nf6 4. Ngf3 Nc6 5. c3 a5 6. Qc2 e5 7. Be2 dxe4 8. dxe4
Bc5 9. O-O O-O 10. b3 Nh5 11. Nxe5 Nxe5 12. Bxh5 Ra6 13. Nf3 Ng4 14. Bxg4 Bxg4
15. Ne5 Bh5 16. Nd3 Qh4 17. Nxc5 Bf3 18. Qd3 Bxg2 19. Nxa6 Bxf1 20. Kxf1 Rd8
21. Qf3 bxa6 22. Bf4 1-0

[Event "tm FRA 1st"]
[Site "France"]
[Date "1999.??.??"]
[Round "4"]
[White "Szabolcsi, Janos"]
[Black "Neiman, Emmanuel"]
[Result "1-0"]
[WhiteElo "2448"]
[BlackElo "2333"]
[Annotator "Strasbourg-Noyon"]
[PlyCount "135"]
[EventDate "1999.??.??"]

1. d4 Nf6 2. Nf3 e6 3. c4 Bb4+ 4. Nbd2 b6 5. g3 Bb7 6. Bg2 O-O 7. O-O c5 8. a3
Bxd2 9. Qxd2 Qc8 10. b3 d5 11. cxd5 Bxd5 12. dxc5 Qxc5 13. b4 Qe7 14. Bb2 Nbd7
15. Rac1 Rac8 16. Qf4 b5 17. Rfd1 Nb6 18. Bd4 Rfe8 19. Ne5 Bxg2 20. Kxg2 Nfd5
21. Qg4 f6 22. Bxb6 Nxb6 23. Nd3 Qb7+ 24. Kg1 Rxc1 25. Rxc1 Nc4 26. a4 Nd6 27.
Nc5 Qd5 28. e4 Qa2 29. Rd1 Nf7 30. Nd7 Qb2 31. axb5 Ne5 32. Nxe5 Qxe5 33. Rd7
f5 34. exf5 Rf8 35. f4 Qc3 36. Qe2 exf5 37. Qe6+ Kh8 38. Qe5 Qc1+ 39. Kg2 Qc2+
40. Kh3 Rg8 41. Rxa7 Qf2 42. Ra1 Rd8 43. Qd5 Qf1+ 44. Rxf1 Rxd5 45. Rc1 g6 46.
Rc8+ Kg7 47. Rc7+ Kf6 48. b6 Rb5 49. b7 h6 50. Kg2 Rxb4 51. Kf2 g5 52. Ke3
gxf4+ 53. gxf4 Kg6 54. Kd3 Kh5 55. Kc3 Rb1 56. Kd4 Kg4 57. Ke5 h5 58. Rg7+ Kh3
59. Kxf5 Kxh2 60. Kg5 Kg3 61. f5 h4 62. f6 h3 63. f7 h2 64. Kh5+ Kh3 65. f8=Q
h1=Q 66. Qf5+ Kh2 67. Qf4+ Kh3 68. Qg3# 1-0

[Event "tm FRA 1st"]
[Site "France"]
[Date "1999.??.??"]
[Round "4"]
[White "Roos, Jean-Luc"]
[Black "Solakian, Jerome"]
[Result "1/2-1/2"]
[WhiteElo "2321"]
[BlackElo "2240"]
[Annotator "Strasbourg-Noyon"]
[PlyCount "75"]
[EventDate "1999.??.??"]

1. e4 Nf6 2. e5 Nd5 3. d4 d6 4. Nf3 dxe5 5. Nxe5 Nd7 6. Bc4 Nxe5 7. dxe5 Be6 8.
O-O g6 9. Qe2 c6 10. Rd1 Qc7 11. Bb3 Bg7 12. c4 Nb6 13. f4 O-O 14. Nc3 Rad8 15.
Be3 Rxd1+ 16. Rxd1 Rd8 17. Rxd8+ Qxd8 18. c5 Nd5 19. Qd2 Kf8 20. Nxd5 Bxd5 21.
Bxd5 Qxd5 22. Qxd5 cxd5 23. c6 bxc6 24. Bxa7 g5 25. g3 gxf4 26. gxf4 Bh6 27.
Be3 Ke8 28. Kf2 e6 29. Kf3 Bf8 30. Kg4 h6 31. f5 Kd7 32. f6 c5 33. Bd2 Kc6 34.
Ba5 d4 35. Kf3 Kd5 36. Bd8 h5 37. b3 c4 38. bxc4+ 1/2-1/2

[Event "tm FRA 1st"]
[Site "France"]
[Date "1999.??.??"]
[Round "4"]
[White "Giua, Frederic"]
[Black "Mensch, Etienne"]
[Result "1/2-1/2"]
[WhiteElo "2145"]
[BlackElo "2249"]
[Annotator "Noyon-Strasbourg"]
[PlyCount "128"]
[EventDate "1999.??.??"]

1. d4 Nf6 2. Nf3 d6 3. g3 Nbd7 4. c4 e5 5. Nc3 Be7 6. Bg2 O-O 7. O-O c6 8. e4
a6 9. a4 a5 10. h3 Re8 11. Re1 Bf8 12. Be3 g6 13. Kh2 Qc7 14. Qd2 b6 15. b3 Bb7
16. Rad1 Rad8 17. Bg5 Be7 18. Bh4 Nf8 19. Qb2 h6 20. g4 g5 21. Bg3 N6d7 22. Rd2
Ng6 23. Nd1 Bf6 24. dxe5 Ndxe5 25. Qc2 Nxf3+ 26. Bxf3 Be5 27. Ne3 Bc8 28. Red1
Re7 29. Bg2 Bf4 30. Bxf4 gxf4 31. Nf5 Bxf5 32. exf5 Ne5 33. Be4 f3 34. Kg1 Rde8
35. Re1 f6 36. Re3 Nf7 37. Bxf3 Rxe3 38. fxe3 Rxe3 39. Kf2 Qe7 40. Re2 Rxe2+
41. Qxe2 Qxe2+ 42. Kxe2 Ne5 43. Be4 Kg7 44. Ke3 h5 45. Kf4 hxg4 46. hxg4 Kh6
47. Bg2 Nd3+ 48. Ke3 Nb4 49. Kf4 d5 50. Ke3 dxc4 51. bxc4 Kg5 52. Bf3 c5 53.
Ke4 Na2 54. Ke3 Kh6 55. Kf4 Nc3 56. Ke3 Na2 57. Kf4 Nc1 58. Ke4 Kg5 59. Kd5 Nd3
60. Ke4 Nf2+ 61. Kd5 Nxg4 62. Bxg4 Kxg4 63. Kc6 Kxf5 64. Kxb6 Ke5 1/2-1/2

[Event "tm FRA 1st"]
[Site "France"]
[Date "1999.??.??"]
[Round "4"]
[White "Harovelo, Ingmar"]
[Black "Carton, Camille"]
[Result "0-1"]
[WhiteElo "2295"]
[BlackElo "2217"]
[Annotator "Strasbourg-Noyon"]
[PlyCount "74"]
[EventDate "1999.??.??"]

1. d4 d5 2. c4 dxc4 3. e4 Nc6 4. Be3 Nf6 5. f3 e5 6. d5 Ne7 7. Nc3 Ng6 8. Bxc4
a6 9. a4 Bd6 10. Nge2 Qe7 11. O-O O-O 12. Qd2 Rd8 13. Nc1 Bd7 14. Nb3 c6 15.
Bb6 Rdc8 16. Rfd1 cxd5 17. Bxd5 Be6 18. Bxe6 Qxe6 19. Nd5 Nxd5 20. Qxd5 Qxd5
21. Rxd5 Rc6 22. Be3 Ne7 23. Rd3 Bc7 24. Bc5 Bb6 25. Rad1 Rxc5 26. Nxc5 Bxc5+
27. Kf1 Bd4 28. Rc1 Rc8 29. Rxc8+ Nxc8 30. Ke2 Nd6 31. b3 Kf8 32. Rd1 Ke7 33.
Rc1 Kd7 34. Kd3 Ne8 35. Rc2 Nc7 36. Kc4 Ne6 37. Kd5 b5 0-1

[Event "tm FRA 1st"]
[Site "France"]
[Date "1999.??.??"]
[Round "4"]
[White "Duchene, Nathalie"]
[Black "Chapelle, Emilie"]
[Result "0-1"]
[WhiteElo "1960"]
[BlackElo "2011"]
[Annotator "Noyon-Strasbourg"]
[PlyCount "52"]
[EventDate "1999.??.??"]

1. d4 Nf6 2. c4 e6 3. Nf3 b6 4. e3 Bb7 5. Be2 c5 6. O-O Be7 7. Nc3 cxd4 8. Nxd4
O-O 9. Bf3 Nc6 10. b3 Na5 11. Bxb7 Nxb7 12. Qf3 Nc5 13. Rd1 Qc7 14. Bb2 a6 15.
Rd2 Rfd8 16. Rc1 g6 17. Nde2 Qc6 18. Qf4 Nh5 19. Qg4 Nf6 20. Qd4 d6 21. Qf4 e5
22. Qh6 Nh5 23. Nd5 Bf8 24. Qg5 Ne4 25. Qh4 Nxd2 26. g4 Nf3+ 0-1

[Event "tm FRA 1st"]
[Site "France"]
[Date "1999.??.??"]
[Round "4"]
[White "Arkell, Keith"]
[Black "Komarov, Dimitri"]
[Result "1/2-1/2"]
[WhiteElo "2438"]
[BlackElo "2588"]
[Annotator "Nancy-Drancy"]
[PlyCount "27"]
[EventDate "1999.??.??"]

1. d4 Nf6 2. Nf3 e6 3. c4 d5 4. Nc3 c6 5. cxd5 exd5 6. Bg5 h6 7. Bh4 Bf5 8. e3
Qb6 9. Qb3 Nbd7 10. Be2 g5 11. Bg3 Nh5 12. Be5 Ng7 13. Bg3 Nh5 14. Be5 1/2-1/2